27 大阪府の市町村 人口順 - Statistics

General Stats
  • This quiz has been taken 8 times
  • The average score is 28 of 43
Answer Stats
順位 人口 市町村 % Correct
1 2,816,247 大阪市
100%
2 803,638 堺市
100%
3 485,549 東大阪市
100%
4 398,162 豊中市
88%
5 396,375 吹田市
88%
6 388,941 枚方市
88%
7 345,861 高槻市
88%
9 257,125 八尾市
88%
10 222,544 寝屋川市
88%
8 290,582 茨木市
75%
15 114,887 大東市
75%
18 105,140 羽曳野市
75%
32 53,338 四條畷市
75%
36 16,702 豊能町
75%
43 4,368 千早赤阪村
75%
11 183,409 岸和田市
63%
13 140,122 守口市
63%
14 138,697 箕面市
63%
17 114,389 門真市
63%
19 104,116 池田市
63%
20 103,479 富田林市
63%
21 99,880 泉佐野市
63%
33 47,528 阪南市
63%
35 31,984 島本町
63%
37 15,715 忠岡町
63%
39 13,568 岬町
63%
40 12,308 太子町
63%
41 8,147 能勢町
63%
42 8,072 田尻町
63%
12 180,701 和泉市
50%
16 114,554 松原市
50%
22 95,001 河内長野市
50%
23 87,091 摂津市
50%
24 79,907 貝塚市
50%
25 74,672 交野市
50%
26 72,450 泉大津市
50%
29 57,155 大阪狭山市
50%
30 56,505 泉南市
50%
34 42,557 熊取町
50%
38 14,642 河南町
50%
27 66,678 柏原市
38%
31 53,688 高石市
38%
28 61,524 藤井寺市
25%
No matching quizzes found
Score Distribution
Percent of People with Each Score
Percentile by Number Answered
Your Score History
You have not taken this quiz